000 00688cam a2200229 a 4500
001 000018691
005 20200929165835.0
008 760726s1986 sp 000 f spa d
020 _a8432230154
040 _aDO-SdBNP
_bspa
_cBNPHU
082 _aCu863.44
_bC297r, 1986
100 1 _aCarpentier, Alejo,
_d1904-1980
_98634
245 1 3 _aEl reino de este mundo /
_cAlejo Carpentier.
250 _a3a ed.
260 _aBarcelona :
_bSeix Barral,
_c1986.
300 _a145 p. ;
_c19 cm.
490 1 _aBiblioteca de bolsillo
650 4 _aNovela cubana
_92316
650 4 _aLiteratura cubana
_91483
830 0 _aBiblioteca de bolsillo.
_95816
910 _aValidado. Control de calidad MFF
999 _c18211
_d18211